IEP Lyon : introduction aux sciences sociales : Pierre Bourdieu - Statistiques

Statistiques générales
  • Ce quiz a été pris 58 fois
  • Le résultat moyen est 11 sur 36
Statistiques - réponses
Questions Réponses % Correct
Avec qui coécrit-il ces deux ouvrages ? Jean-Claude Passeron
64%
Il travaille aussi sur la sociologie de l'école et du système éducatif. En quelle année publie-t-il "Les Héritiers" ? 1964
62%
Il s'éloigne cependant du marxisme en prenant en compte d'autres types de capitaux, notamment celui correspondant à la détention d'un savoir socialement reconnu souvent sanctionné par le diplôme. Le capital... Culturel
60%
Bourdieu propose quatre types de capitaux. D'abord celui qui correspond à la possession de biens et d'argent (les classes le détenant demeurent en dernière analyse les dominants de la société, les dominants parmi les dominants, conservation d'une analyse marxiste). Le capital... Économique
57%
Cette idée est traduite par la théorie autour du concept d’[...] : pour Bourdieu l'[...} est constitué d’un ensemble de dispositions, les chaînes d’action et de perception, que l’individu acquiert à travers son expérience sociale. L’[...} est donc un acte d'intériorisation par la socialisation, faisant le lien entre l’individuel et le collectif, car « l’[...] se forme socialement ». Habitus
57%
Ces capitaux peuvent s'hybrider. Ils sont investis dans des espaces sociaux, dans le cadre des [...] (espaces sociaux définis par des enjeux et des intérêts propres). Chez Bourdieu tous les [...] sont des [...] de lutte entre des agents dominants ou dominés. On n'a pas forcément la même position selon le [...] dans lequel on se trouve. Champ
52%
Un autre type de capital correspond au réseau de connaissances. Le capital... Social
52%
Enfin un dernier type de capital correspond aux honneurs, aux titres et au prestige. Le capital... Symbolique
50%
Un autre axe, la sociologie de l'art et de la... Culture
48%
Bourdieu sous-titre son ouvrage le plus important "critique sociale du jugement". Quel est le titre ? La Distinction
48%
Ses premiers travaux sont assez structuralistes : il pense que les [...] (non pas acteur qui agit, mais [...] qui subit)... Agent
45%
En quel année paraît-il ? 1979
38%
Quel ouvrage publie-t-il en 1970 dans la suite du premier ? La Reproduction
38%
Ceux qui dominent culturellement sont ceux qui ont le pouvoir de décider ce qui est [...] culturellement. Légitime
38%
L'espace social se trouve structuré autour de deux types de capitaux. On y est classé selon notre niveau de capital global et la prédominance de l'un sur l'autre. Lesquels (écrire les deux à la suite dans l'ordre des 4 questions sur les types de capitaux) ? Économique Culturel
33%
Méthodologiquement, l'ouvrage majeur de Bourdieu sur la sociologie de la culture utilise trois grandes méthodes, la statistique, les questionnaires (1200) et les [...] (700). -> il y fait des liens entre l'âge, la profession, celle du père, le diplôme le plus haut, le revenu moyen et les goûts/connaissances culturelles. Entretien
31%
Il publie également des ouvrages en décalage avec sa position méthodologique rigoureuse de départ notamment en 1998 avec un énorme torchon intitulé "...". (Lisez plutôt C. Delphy ou N. Claude-Mathieu). La domination masculine
31%
Nom de la collection dirigée par Pierre Bourdieu aux Éditions de Minuit. Le sens commun
31%
L'œuvre de Bourdieu peut être décomposée cinq actes thématiques. D'abord, avec une dimension anthropologique, il travaille sur une certaine région du monde. Laquelle ? La Kabylie
29%
C'est le poids de l'[...] des agents qui permet de rendre compte et d'expliquer la construction des jugements et des pratiques artistiques et culturelles. Habitus
26%
Notion de [...] : intériorisation par les agents de leur position dans le ... voir de leur position de dominé ou dominant (culturellement souvent). Violence symbolique
26%
Il existe un goût dominant qui est le goût des dominants avec deux caractéristiques centrales : -une distance avec la [...] tandis que les goûts des dominés sont liés aux besoins nécessaires. Nécessité
21%
Ou encore des travaux méthodologiques ou théoriques notamment un certain ouvrage coécrit avec J.C. Chamboredon et le coauteur des "Héritiers". Lequel ? Le métier de sociologue
19%
Nom de la revue qu'il a dirigé. Les actes de la recherche en sciences sociales
19%
L’évolution de l'œuvre de Bourdieu montre qu’elle est au départ marquée par l’influence de [...] et de Louis Althusser... Claude Levi-Strauss
17%
-une [...] qui apparaît naturelle alors qu'elle est construite. Distinction
14%
... donc entre structuralisme et [...]. Marxisme
14%
... sont pris dans des [...] de contrainte de leur action. Ils obéissent à des règles établies, et des structures qui les dominent. Champs
12%
Il parle de sa démarche comme d’un « [...] » : le poids des structures est important mais les individus construisent tout de même le monde social de manière assez libre. Pour Bourdieu, le monde social est constitué de structures, construites par les agents sociaux, mais qui vont conditionner à leur tour l’action de ces mêmes agents (les structures sont les conditions de possibilité et les contraintes de l’action). Constructivisme structuraliste
10%
Ainsi, toute l'œuvre de Bourdieu consiste à concilier la vision libérale et volontariste de l’acteur à celle de l’agent contraint par son environnement (concilier individualisme sociologique et [...]). Déterminisme social
10%
Bourdieu rejette tant l'ambition totalisante de la philosophie que l' [...] qui se caractérise par une utilisation brute des chiffres et des sondages. Empirisme positiviste
7%
La notion de (question précédente) témoigne de l’usage de Bourdieu de la [...], au travers des idées de chaînes et de schémas corporels : tous les individus vivent des expériences qui ont tendance à se répéter, la répétition entraîne la formation de chaînes (corporelles ou idéenes). Dans le corps et dans l’esprit de chaque individu sont disposées des expériences qui nous aident à agir, étant les conditions de possibilité et les contraintes de notre action. Ainsi notre corps et notre esprit seraient socialement marqués par les expériences (ex. : un enfant qui se brûle et ne s’approche plus de l’eau qui bout). Phénoménologie
7%
Plus ses travaux avancent, plus il lui théorise une marge de manœuvre et d’autonomie par la [...]. Stratégie
7%
Bourdieu s'intéresse dès 1965 à la sociologie de la culture notamment avec un ouvrage intitulé... Un art moyen
7%
Les pratiques et goûts artistiques sont aussi des... Faits sociaux
5%
L'... n’est cependant pas un simple réflexe accompli machinalement, il le compare plutôt à la fonction de la grammaire dans la langue maternelle (acquise par socialisation), grâce à laquelle l’individu peut fabriquer une infinité de phrases pour faire face à toutes situations. Cela fait dire à Bourdieu que l’... est à l’origine d’un véritable « [...] ». Sens pratique
5%
Aucun quiz correspondant
Distribution des résultats
% des personnes avec chaque résultat
Percentile par nombre de réponses
Votre historique - résultats
Vous n’avez pas pris ce quiz